000 005040000a22001690004500
003 LK-CoMWRAF
005 20231203164042.0
008 230817t1997 ||||| |||| 00| 0 eng d
040 _aLK-CoMWRAF
_dLK-CoMWRAF
_eLK-CoMWRAF
041 _aeng
082 _a346.624
_bWOM
245 _aWomen and law in Sudan:
_bcustomary laws of indigenous groups and islamisation
260 _aSudan:
_bWomen and Law project,
_c1999
300 _a156 p.; 21 cm
650 _aWomen Legal status, laws, -Sudan
942 _cBK
999 _c3072
_d3072